Vista normal Vista MARC

Entrada Topical Term

Número de registros utilizados en: 1

001 - CONTROL NUMBER

  • control field: 37671

003 - CONTROL NUMBER IDENTIFIER

  • control field: OSt

005 - DATE AND TIME OF LATEST TRANSACTION

  • control field: 20210518132803.0

008 - FIXED-LENGTH DATA ELEMENTS

  • fixed length control field: 210518|| aca||aabn | a|a d

040 ## - CATALOGING SOURCE

  • Original cataloging agency: OSt
  • Transcribing agency: OSt

150 ## - HEADING--TOPICAL TERM

  • Topical term or geographic name entry element: Agua
  • Form subdivision: Estadísticas

670 ## - SOURCE DATA FOUND

  • Source citation: Work cat.: (OSt)7803: Marín Ramírez, Rodrigo, 15501 autor, Estadísticas sobre el recurso agua en Colombia / , 1992